NLSUI OPAC header image

Foundations of taxation law / (Record no. 112283)

MARC details
000 -LEADER
fixed length control field 01635cam a2200205 i 4500
001 - CONTROL NUMBER
control field 19758256
003 - CONTROL NUMBER IDENTIFIER
control field OSt
005 - DATE AND TIME OF LATEST TRANSACTION
control field 20260108080030.0
008 - FIXED-LENGTH DATA ELEMENTS--GENERAL INFORMATION
fixed length control field 170626s2017 vra b 001 0 eng
020 ## - INTERNATIONAL STANDARD BOOK NUMBER
International Standard Book Number 9780190308537 (pbk)
082 ## - DEWEY DECIMAL CLASSIFICATION NUMBER
Classification number 343.04 BAR
100 1# - MAIN ENTRY--PERSONAL NAME
Personal name Barkoczy, Stephen
245 10 - TITLE STATEMENT
Title Foundations of taxation law /
Statement of responsibility, etc. Stephen Barkoczy.
250 ## - EDITION STATEMENT
Edition statement 9th ed.
264 #1 - PRODUCTION, PUBLICATION, DISTRIBUTION, MANUFACTURE, AND COPYRIGHT NOTICE
Place of production, publication, distribution, manufacture South Melbourne :
Name of producer, publisher, distributor, manufacturer Oxford University Press,
Date of production, publication, distribution, manufacture, or copyright notice 2017.
300 ## - PHYSICAL DESCRIPTION
Extent xxxii, 1184 p. ;
Dimensions 24 cm
505 ## - FORMATTED CONTENTS NOTE
Formatted contents note This value pack contains Foundations of Taxation Law 2017 9th Edition and Core Tax Legislation and Study Guide 2017 20th Edition.Foundations of Taxation Law 2017 9th Edition introduces the core elements of the Australian taxation system and provides a manual for navigating the often complex legislation that governs its operation. Offering clear explanations and extensive analysis of taxation law, it has been fully updated to reflect the latest legislative provisions and explores the essentials of income tax, GST and FBT, through to the most current issues facing the tax system today.Core Tax Legislation & Study Guide 2017 20th Edition brings together the practical skills and the latest legislative provisions that students need to form their understanding of key tax issues. It incorporates all relevant amendments that have occurred within the last year.For more information about these titles, including table of contents, please see their individual pages:Foundations of Taxation Law 2017 9th EditionCore Tax Legislation and Study Guide 2017 20th Edition
650 #0 - SUBJECT ADDED ENTRY--TOPICAL TERM
Topical term or geographic name entry element Taxation
General subdivision Law and legislation
Geographic subdivision Australia.
942 ## - ADDED ENTRY ELEMENTS (KOHA)
Source of classification or shelving scheme Dewey Decimal Classification
Koha item type BOOKs
Holdings
Withdrawn status Lost status Source of classification or shelving scheme Materials specified (bound volume or other part) Damaged status Not for loan Collection code Home library Current library Shelving location Date acquired Source of acquisition Total Checkouts Full call number Barcode Date last seen Price effective from Koha item type Public note
    Dewey Decimal Classification PB     Reference . . Library Compactors 01.12.2017 Purchased   343.04 BAR 35149 01.12.2018 01.12.2018 BOOKs D O R SECTION